The Physics hydrogenat amorphous silicon, 1., 2.
Salvato in:
| Natura: | Libro |
|---|---|
| Lingua: | inglese |
| Pubblicazione: |
Berlin :
Springer Verlag,
1984
|
| Tags: |
Nessun Tag, puoi essere il primo ad aggiungerne!!
|
MARC
| LEADER | 00000nam a22000003a 4500 | ||
|---|---|---|---|
| 001 | stu125066 | ||
| 005 | 20150408182259.2 | ||
| 008 | 060825s1984----gw------------------eng-d | ||
| 040 | |a STU |b slo | ||
| 041 | 0 | |a eng | |
| 044 | |a gw | ||
| 245 | |a The Physics hydrogenat amorphous silicon, 1., 2. | ||
| 260 | |a Berlin : |b Springer Verlag, |c 1984 | ||
| 996 | |b E56132 |c E*56132 |l EE05 |s P |a 0 |w stu125066_0001 | ||
| 996 | |b E56133 |c E*56133 |l EE05 |s P |a 0 |w stu125066_0002 | ||